The Stamp specialist forest green book. (Record no. 3650)

000 -LEADER
fixed length control field 00472cam a22001211 4500
008 - FIXED-LENGTH DATA ELEMENTS--GENERAL INFORMATION
fixed length control field 770728s1948 xx 000 0 eng
082 ## -
Classification number 383.22
100 ## - MAIN ENTRY--AUTHOR'S NAME
Author's Name Lindquist, H. L.
245 04 - TITLE STATEMENT
Title The Stamp specialist forest green book.
260 ## - PUBLICATION, DISTRIBUTION, ETC. (IMPRINT)
Place of publication, distribution, etc. [New York,
Name of publisher, distributor, etc. H. L. Lindquist,
Date of publication, distribution, etc. 1948]
500 ## - GENERAL NOTE
General note "Index to the Stamp specialist, vol. 1, part 1, 1939 through the Forest green book, 1948, prepared by C. S. Hitchins and George M. Martin": p. 123-134.
650 #0 - TOPICAL TERM (Tag)
Topical term or geographic name Stamp collecting.
Holdings
Withdrawn status Lost status Source of classification or shelving scheme Damaged status Koha normalized classification for sorting Not for loan Permanent Location Current Location Shelving location Date acquired Total Checkouts Full call number Barcode Date last seen Date last checked out Price effective from Koha item type
        G3201 A11 L9627   Northern Philatelic Library Northern Philatelic Library General Stacks 05/01/2025 3 G3201 A11 L9627 1006127 02/10/2026 02/10/2026 05/01/2025 Books

Powered by Koha